000 00449pab a2200169 454500
008 180718b2011 xxu||||| |||| 00| 0 eng d
100 _aTeagve, Ginger Elliott
245 _aPublic - Interests and the development of Tanzanian environmental poilcy
260 _c2011
300 _ap.835-861.
362 _aOct
650 _aEnvironmental policy
650 _aPublic interests
773 _aPolitics and Policy
908 _aN
909 _a95503
999 _c95503
_d95503